Cortot Alfréd zongoraestje

Elmentve itt :
Bibliográfiai részletek
Dokumentumtípus: Cikk
Megjelent: 1935-12-07
Sorozat:Délmagyarország 11 No. 274
Kulcsszavak:Cortot Alfred, Zenei élet hangverseny Szeged 1935, zeneélet
Online Access:http://dmarchiv.bibl.u-szeged.hu/76069
LEADER 00444nab a2200145 i 4500
001 delm76069
005 20180928084401.0
008 180928s1935 hu o 0|| hun d
040 |a SZTE Délmagyarország Archívum  |b hun 
041 |a hun 
245 0 0 |a Cortot Alfréd zongoraestje  |h [elektronikus dokumentum] 
260 |c 1935-12-07 
300 |a 8 
490 0 |a Délmagyarország  |v 11 No. 274 
695 |a Cortot Alfred, Zenei élet hangverseny Szeged 1935, zeneélet